Bundesliga Torschützen der Saison 2024/2025 Live! - Statistiken

Allgemein
  • Dieses Quiz wurde 144 mal gespielt
    25 seit der letzten Aktualisierung
  • Das Durchschnittsergebnis liegt bei 27 aus 64
Antwortstatistiken
Club Goals Player % Korrekt
FC Bayern München 26 Harry Kane
100%
Borussia Dortmund 21 Serhou Guirassy
100%
Bayer Leverkusen 21 Patrik Schick
94%
VfB Stuttgart 9 Deniz Undav
88%
Eintracht Frankfurt 15 Hugo Ekitike
88%
FC Bayern München 11 Leroy Sane
88%
Borussia Mönchengladbach 16 Tim Kleindienst
88%
Bayer Leverkusen 10 Florian Wirtz
82%
FC Bayern München 12 Jamal Musiala
82%
Eintracht Frankfurt 15 Omar Marmoush
82%
VfB Stuttgart 15 Ermedin Demirovic
76%
RB Leipzig 9 Lois Openda
76%
FC Bayern München 12 Michael Olise
76%
FC Bayern München 7 Serge Gnabry
76%
TSG Hoffenheim 11 Andrej Kramaric
71%
RB Leipzig 13 Benjamin Sesko
71%
Mainz 05 18 Jonathan Burkhardt
71%
VfL Wolfsburg 9 Jonas Wind
65%
Borussia Dortmund 5 Julian Brandt
65%
Bayer Leverkusen 8 Victor Boniface
65%
SC Freiburg 8 Vincenzo Grifo
65%
Borussia Dortmund 7 Karim Adeyemi
59%
RB Leipzig 10 Xavi Simons
59%
Bayer Leverkusen 5 Jeremie Frimpong
53%
FC Bayern München 5 Kingsley Coman
53%
Mainz 05 7 Nadiem Amiri
53%
Borussia Mönchengladbach 11 Alassane Plea
47%
SC Freiburg 6 Lucas Höler
47%
Mainz 05 10 Paul Nebel
47%
Werder Bremen 8 Marvin Ducksch
41%
Borussia Dortmund 8 Maximilian Beier
41%
VfL Wolfsburg 10 Mohammed Amoura
41%
SC Freiburg 10 Ritsu Doan
41%
Holstein Kiel 11 Shuto Machino
41%
FC Augsburg 9 Alexis Claude-Maurice
35%
Borussia Dortmund 8 Jamie Gittens
35%
Werder Bremen 10 Jens Stage
35%
Holstein Kiel 7 Alexander Bernhardsson
24%
Union Berlin 7 Andrej Ilic
24%
VfB Stuttgart 6 Enzo Millot
24%
Mainz 05 7 Jae-Sung Lee
24%
Werder Bremen 5 Mitchell Weiser
24%
VfB Stuttgart 12 Nick Woltemade
24%
Holstein Kiel 8 Phil Harres
24%
Werder Bremen 5 Romano Schmid
24%
FC Heidenheim 7 Marvin Pieringer
18%
Werder Bremen 5 Oliver Burke
18%
FC Augsburg 6 Philipp Tietz
18%
TSG Hoffenheim 8 Adam Hlozek
12%
TSG Hoffenheim 7 Marius Bülter
12%
TSG Hoffenheim 5 Tom Bischof
12%
VfL Bochum 5 Matus Bero
6%
FC St. Pauli 6 Morgan Guilavogui
6%
FC Augsburg 7 Samuel Essende
6%
VfL Wolfsburg 6 Tiago Tomas
6%
Holstein Kiel 5 Armin Gigovic
0%
Union Berlin 9 Benedict Hollerbach
0%
SC Freiburg 5 Lukas Kübler
0%
Werder Bremen 6 Marco Grüll
0%
FC Heidenheim 5 Mathias Honsak
0%
VfL Bochum 9 Myron Boadu
0%
Eintracht Frankfurt 5 Rasmus Kristensen
0%
Holstein Kiel 6 Steven Skrzybski
0%
RB Leipzig 5 Willi Orban
0%
Keine übereinstimmenden Quizze gefunden
Verteilung der Resultate
Anzahl Personen mit jedem Resultat
Perzentil nach korrekt beantworteten Fragen
Ihre Resultats-Entwicklung
Sie haben dieses Quiz seit der letzten Aktualisierung nicht gespielt